| 000 -LEADER |
| fixed length control field |
03820cam a2200697 i 4500 |
| 001 - CONTROL NUMBER |
| control field |
22700388 |
| 003 - CONTROL NUMBER IDENTIFIER |
| control field |
NUST |
| 005 - DATE AND TIME OF LATEST TRANSACTION |
| control field |
20220827161635.0 |
| 008 - FIXED-LENGTH DATA ELEMENTS--GENERAL INFORMATION |
| fixed length control field |
220718t20212021nyua b 001 0 eng d |
| 010 ## - LIBRARY OF CONGRESS CONTROL NUMBER |
| LC control number |
2022276103 |
| 020 ## - INTERNATIONAL STANDARD BOOK NUMBER |
| International Standard Book Number |
9780062887672 |
| 020 ## - INTERNATIONAL STANDARD BOOK NUMBER |
| International Standard Book Number |
006288767X |
| 035 ## - SYSTEM CONTROL NUMBER |
| System control number |
(OCoLC)on1244277920 |
| 038 ## - RECORD CONTENT LICENSOR |
| Staff Name |
Azhar |
| 040 ## - CATALOGING SOURCE |
| Original cataloging agency |
TOH |
| Language of cataloging |
eng |
| Transcribing agency |
TOH |
| Description conventions |
rda |
| Modifying agency |
BDX |
| -- |
YDX |
| -- |
AZD |
| -- |
OCLCO |
| -- |
HBP |
| -- |
OCLCO |
| -- |
OCLCF |
| -- |
JTH |
| -- |
CDX |
| -- |
OCLCO |
| -- |
ILC |
| -- |
UAP |
| -- |
GSU |
| -- |
OCLCO |
| -- |
GYG |
| -- |
DLC |
| 042 ## - AUTHENTICATION CODE |
| Authentication code |
lccopycat |
| 043 ## - GEOGRAPHIC AREA CODE |
| Geographic area code |
n-us--- |
| -- |
n-us-md |
| 050 00 - LIBRARY OF CONGRESS CALL NUMBER |
| Classification number |
E855 |
| Item number |
.G375 2021 |
| 082 04 - DEWEY DECIMAL CLASSIFICATION NUMBER |
| Classification number |
973.924 |
| Edition number |
23 |
| Author Mark |
GAR |
| 100 1# - MAIN ENTRY--PERSONAL NAME |
| Personal name |
Garten, Jeffrey E., |
| Dates associated with a name |
1946- |
| Relator term |
author. |
| 9 (RLIN) |
94653 |
| 245 10 - TITLE STATEMENT |
| Title |
Three days at Camp David : |
| Remainder of title |
how a secret meeting in 1971 transformed the global economy |
| Statement of responsibility, etc. |
Jeffrey E. Garten. |
| 246 3# - VARYING FORM OF TITLE |
| Title proper/short title |
3 days at Camp David |
| 250 ## - EDITION STATEMENT |
| Edition statement |
First edition. |
| 260 ## - PUBLICATION, DISTRIBUTION, ETC. |
| Place of publication, distribution, etc. |
New York, NY : |
| Name of publisher, distributor, etc. |
Harper, an imprint of HarperCollins Publishers, |
| Date of publication, distribution, etc. |
[2021] |
| 300 ## - PHYSICAL DESCRIPTION |
| Extent |
435 pages : |
| Other physical details |
illustrations ; |
| Dimensions |
24 cm |
| 336 ## - CONTENT TYPE |
| Content type term |
text |
| Content type code |
txt |
| Source |
rdacontent |
| 336 ## - CONTENT TYPE |
| Content type term |
still image |
| Content type code |
sti |
| Source |
rdacontent |
| 337 ## - MEDIA TYPE |
| Media type term |
unmediated |
| Media type code |
n |
| Source |
rdamedia |
| 338 ## - CARRIER TYPE |
| Carrier type term |
volume |
| Carrier type code |
nc |
| Source |
rdacarrier |
| 386 ## - CREATOR/CONTRIBUTOR CHARACTERISTICS |
| Creator/contributor term |
Men |
| Source |
lcdgt |
| 386 ## - CREATOR/CONTRIBUTOR CHARACTERISTICS |
| Creator/contributor term |
University and college faculty members |
| Source |
lcdgt |
| 504 ## - BIBLIOGRAPHY, ETC. NOTE |
| Bibliography, etc. note |
Includes bibliographical references (pages 387-424) and index. |
| 505 00 - FORMATTED CONTENTS NOTE |
| Title |
Introduction -- |
| -- |
Curtain up. |
| -- |
Richard Nixon ascending ; |
| -- |
The economic crisis ; |
| -- |
A run on the dollar? -- |
| -- |
The cast. |
| -- |
Richard M. Nixon ; |
| -- |
John B. Connally Jr. ; |
| -- |
Paul A. Volcker Jr. ; |
| -- |
Arthur F. Burns ; |
| -- |
George P. Schultz ; |
| -- |
Peter G. Peterson ; |
| -- |
Other players: Paul W. McCracken and Henry A. Kissinger -- |
| -- |
The weekend. |
| -- |
The wolf at the door ; |
| -- |
Friday, August 13 ; |
| -- |
Saturday, August 14 ; |
| -- |
Sunday, August 15 -- |
| -- |
The finale. |
| -- |
The aftermath ; |
| -- |
The finishing line ; |
| -- |
The long view ; |
| -- |
The weekend in retrospect. |
| 520 ## - SUMMARY, ETC. |
| Summary, etc. |
"The former dean of the Yale School of Management and Undersecretary of Commerce in the Clinton administration chronicles the 1971 August meeting at Camp David, where President Nixon unilaterally ended the last vestiges of the gold standard--breaking the link between gold and the dollar--transforming the entire global monetary system"-- |
| Assigning source |
Provided by publisher. |
| 563 ## - BINDING INFORMATION |
| Binding note |
HB |
| 600 10 - SUBJECT ADDED ENTRY--PERSONAL NAME |
| Personal name |
Nixon, Richard M. |
| Fuller form of name |
(Richard Milhous), |
| Dates associated with a name |
1913-1994. |
| 9 (RLIN) |
8023 |
| 600 17 - SUBJECT ADDED ENTRY--PERSONAL NAME |
| Personal name |
Nixon, Richard M. |
| Fuller form of name |
(Richard Milhous), |
| Dates associated with a name |
1913-1994. |
| Source of heading or term |
fast |
| Authority record control number or standard number |
(OCoLC)fst00031384 |
| 9 (RLIN) |
8023 |
| 648 #7 - SUBJECT ADDED ENTRY--CHRONOLOGICAL TERM |
| Chronological term |
1900-1999 |
| Source of heading or term |
fast |
| 9 (RLIN) |
25422 |
| 650 #0 - SUBJECT ADDED ENTRY--TOPICAL TERM |
| Topical term or geographic name entry element |
Monetary policy |
| Geographic subdivision |
United States |
| General subdivision |
History |
| Chronological subdivision |
20th century. |
| 9 (RLIN) |
94654 |
| 650 #0 - SUBJECT ADDED ENTRY--TOPICAL TERM |
| Topical term or geographic name entry element |
Gold standard |
| Geographic subdivision |
United States |
| General subdivision |
History |
| Chronological subdivision |
20th century. |
| 9 (RLIN) |
94655 |
| 650 #0 - SUBJECT ADDED ENTRY--TOPICAL TERM |
| Topical term or geographic name entry element |
Dollar |
| General subdivision |
History |
| Chronological subdivision |
20th century. |
| 9 (RLIN) |
94656 |
| 650 #6 - SUBJECT ADDED ENTRY--TOPICAL TERM |
| Topical term or geographic name entry element |
Politique monétaire |
| Geographic subdivision |
États-Unis |
| General subdivision |
Histoire |
| Chronological subdivision |
20e siècle. |
| 9 (RLIN) |
94657 |
| 650 #6 - SUBJECT ADDED ENTRY--TOPICAL TERM |
| Topical term or geographic name entry element |
Étalon-or |
| Geographic subdivision |
États-Unis |
| General subdivision |
Histoire |
| Chronological subdivision |
20e siècle. |
| 9 (RLIN) |
94658 |
| 650 #6 - SUBJECT ADDED ENTRY--TOPICAL TERM |
| Topical term or geographic name entry element |
Dollar |
| General subdivision |
Histoire |
| Chronological subdivision |
20e siècle. |
| 9 (RLIN) |
94659 |
| 650 #7 - SUBJECT ADDED ENTRY--TOPICAL TERM |
| Topical term or geographic name entry element |
Dollar. |
| Source of heading or term |
fast |
| Authority record control number or standard number |
(OCoLC)fst00896433 |
| 9 (RLIN) |
94660 |
| 650 #7 - SUBJECT ADDED ENTRY--TOPICAL TERM |
| Topical term or geographic name entry element |
Economic history. |
| Source of heading or term |
fast |
| Authority record control number or standard number |
(OCoLC)fst00901974 |
| 650 #7 - SUBJECT ADDED ENTRY--TOPICAL TERM |
| Topical term or geographic name entry element |
Economic policy. |
| Source of heading or term |
fast |
| Authority record control number or standard number |
(OCoLC)fst00902025 |
| 9 (RLIN) |
5666 |
| 650 #7 - SUBJECT ADDED ENTRY--TOPICAL TERM |
| Topical term or geographic name entry element |
Gold standard. |
| Source of heading or term |
fast |
| Authority record control number or standard number |
(OCoLC)fst00944512 |
| 9 (RLIN) |
36913 |
| 650 #7 - SUBJECT ADDED ENTRY--TOPICAL TERM |
| Topical term or geographic name entry element |
Monetary policy. |
| Source of heading or term |
fast |
| Authority record control number or standard number |
(OCoLC)fst01025230 |
| 9 (RLIN) |
18146 |
| 651 #0 - SUBJECT ADDED ENTRY--GEOGRAPHIC NAME |
| Geographic name |
United States |
| General subdivision |
Economic conditions |
| Chronological subdivision |
1971-1981. |
| 9 (RLIN) |
94661 |
| 651 #0 - SUBJECT ADDED ENTRY--GEOGRAPHIC NAME |
| Geographic name |
United States |
| General subdivision |
Economic policy |
| Chronological subdivision |
1971-1981. |
| 9 (RLIN) |
94662 |
| 651 #0 - SUBJECT ADDED ENTRY--GEOGRAPHIC NAME |
| Geographic name |
Camp David (Md.) |
| 9 (RLIN) |
94663 |
| 651 #6 - SUBJECT ADDED ENTRY--GEOGRAPHIC NAME |
| Geographic name |
États-Unis |
| General subdivision |
Conditions économiques |
| Chronological subdivision |
1971-1981. |
| 9 (RLIN) |
94664 |
| 651 #6 - SUBJECT ADDED ENTRY--GEOGRAPHIC NAME |
| Geographic name |
États-Unis |
| General subdivision |
Politique économique |
| Chronological subdivision |
1971-1981. |
| 9 (RLIN) |
94665 |
| 651 #7 - SUBJECT ADDED ENTRY--GEOGRAPHIC NAME |
| Geographic name |
Maryland |
| Geographic subdivision |
Camp David. |
| Source of heading or term |
fast |
| Authority record control number or standard number |
(OCoLC)fst01269789 |
| 9 (RLIN) |
94666 |
| 651 #7 - SUBJECT ADDED ENTRY--GEOGRAPHIC NAME |
| Geographic name |
United States. |
| Source of heading or term |
fast |
| Authority record control number or standard number |
(OCoLC)fst01204155 |
| 655 #7 - INDEX TERM--GENRE/FORM |
| Genre/form data or focus term |
History. |
| Source of term |
fast |
| Authority record control number |
(OCoLC)fst01411628 |
| 9 (RLIN) |
13777 |
| 906 ## - LOCAL DATA ELEMENT F, LDF (RLIN) |
| a |
7 |
| b |
cbc |
| c |
copycat |
| d |
1 |
| e |
ncip |
| f |
20 |
| g |
y-gencatlg |
| 942 ## - ADDED ENTRY ELEMENTS (KOHA) |
| Source of classification or shelving scheme |
|
| Koha item type |
Lincoln Corner |